Szczegóły MARC21

Mexico : a new vision for Mexico 2042 : achieving prosperity for all /

005 -DATA I CZAS OSTATNIEJ MODYFIKACJI [,]
    • @
    • pole kontrolne
    • 20140709094511.0
020 -Międzynarod. znormalizowany nr książki - ISBN [ , ]
    • a
    • Numer ISBN
    • 9788132110040 Find
040 -Instytucja sporządzająca opis [ , ]
    • a
    • Instytucja, która sporządziła opis (NP)
    • SZCZ U/JG
    • c
    • Instytucja, która sporządziła rekord (NP)
    • SZCZ U/JG
    • d
    • Instytucja, która zmodyfikowała rekord (P)
    • SZCZ U/JŚ
041 -Język dokumentu [0, ]
    • a
    • Język tekstu (P)
    • angielski
044 -Kraj miejsca wydania [ , ]
    • a
    • Kraj miejsca wydania
    • Indie
942 -Rodzaj dokumentu [ , ]
    • c
    • Rodzaj dokumentu
    • Książka
245 -Strefa tytułu i oznaczenia odpowiedzialności [0,0]
    • a
    • Tytuł
    • Mexico : Find
    • b
    • Ciąg dalszy tytułu (NP)
    • a new vision for Mexico 2042 : achieving prosperity for all / Find
    • c
    • Pozostałe elementy strefy tytułu i oznaczenia odpowiedzialności (NP)
    • Claudio M. Loser, José Fajgenbaum, and Harinder S. Kohli (eds) ; foreword by Héctor Aguilar Camin.
260 -Strefa adresu wydawniczego [ , ]
    • a
    • Miejsce wydania (P)
    • New Delhi [etc.] :
    • b
    • Nazwa wydawcy (P)
    • SAGE,
    • c
    • Data wydania (P)
    • 2012.
300 -Strefa opisu fizycznego [ , ]
    • a
    • Określenie formy książki i/lub objętość (NP)
    • XXXV, 311 s. :
    • b
    • Oznaczenie ilustracji (NP)
    • il. ;
    • c
    • Format (NP)
    • 29 cm.
504 -Uwaga dot. bibliogr. załącznikowej [ , ]
    • a
    • Uwaga dot. bibliografii załącznikowej
    • Bibliogr. s. [279]-297. Indeks.
080 -Uniwersalna Klasyfikacja Dziesiętna [ , ]
    • 2
    • Identyfikator wydania tablic
    • UDC-P058
    • 9
    • UKD
    • 3065
    • a
    • Symbol klasyfikacji
    • 332.14
    • b
    • Dopowiedzenie
    • Regionalna, terytorialna polityka gospodarcza. Planowanie gospodarcze. Planowanie terenowe. Prognozy gospodarcze.
    • 4
    • UKD2
    • 13870
    • x
    • Poddział wspólny
    • (721/727)
    • c
    • Dopowiedzenie poddz. wspólnego
    • (Meksyk).
    • 4
    • UKD2
    • 7644
    • x
    • Poddział wspólny
    • =111
    • c
    • Dopowiedzenie poddz. wspólnego
    • =Język angielski.
980 -Symbol UKD [ , ]
    • a
    • UKD
    • 332.14(721/727)=111
700 -Hasło dodatkowe - nazwa osobowa [1, ]
    • 9
    • KHW
    • 72429
    • a
    • Nazwa osobowa (NP)
    • Kohli, Harinder S. Find
    • d
    • Daty biograficzne (NP)
    • (1945- ).
    • e
    • Określenie rodzaju współpracy
    • Red.
700 -Hasło dodatkowe - nazwa osobowa [1, ]
    • 9
    • KHW
    • 72434
    • a
    • Nazwa osobowa (NP)
    • Loser, Claudio M. Find
    • d
    • Daty biograficzne (NP)
    • (1943- ).
    • e
    • Określenie rodzaju współpracy
    • Red.
700 -Hasło dodatkowe - nazwa osobowa [1, ]
    • 9
    • KHW
    • 72435
    • a
    • Nazwa osobowa (NP)
    • Fajgenbaum, José. Find
    • e
    • Określenie rodzaju współpracy
    • Red.
700 -Hasło dodatkowe - nazwa osobowa [1, ]
    • 9
    • KHW
    • 72436
    • a
    • Nazwa osobowa (NP)
    • Aguilar Camín, Héctor Find
    • d
    • Daty biograficzne (NP)
    • (1946- ).
    • e
    • Określenie rodzaju współpracy
    • Wstęp.
710 -Hasło dodatkowe - nazwa ciała zbiorowego [2, ]
    • 4
    • Kod relacji
    • pbl
    • 9
    • KHW
    • 55261
    • a
    • Nazwa ciała zbiorowego lub nazwa geograficzna jako pierwszy element (NP)
    • SAGE Publishing.
920 -ISBN [ , ]
    • a
    • ISBN
    • 978-81-321-1004-0 (HB) Find
Sygnatura Numer inwentarzowy Status udost. Data inwentaryzacji Lokalizacja
T.15816T.15816-22014-04-07T